| Tag |
First Indicator |
Second Indicator |
Subfields |
| LEADER |
00000cam a2200000 a 4500 |
| 001 |
in00001291921 |
| 005 |
20151004094203.0 |
| 008 |
960328s1995 xxuao tb f000 0 eng d |
| 035 |
|
|
|a (OCoLC)34483500
|
| 035 |
|
|
|9 AGZ9179AM
|
| 040 |
|
|
|a AFM
|c AFM
|d UtOrBLW
|
| 049 |
|
|
|a TXAM
|
| 090 |
|
|
|a TG315
|b .L48 1994
|
| 245 |
0 |
0 |
|a Bridge repair and rehabilitation.
|
| 264 |
|
1 |
|a [Detroit, Mich.] :
|b American Concrete Institute,
|c [1995?]
|
| 300 |
|
|
|a 72 pages :
|b illustrations, photographs ;
|c 28 cm.
|
| 336 |
|
|
|a text
|b txt
|2 rdacontent
|
| 337 |
|
|
|a unmediated
|b n
|2 rdamedia
|
| 338 |
|
|
|a volume
|b nc
|2 rdacarrier
|
| 490 |
1 |
|
|a Compilation / American Concrete Institute ;
|v 29
|
| 500 |
|
|
|a Cover title.
|
| 504 |
|
|
|a Includes bibliographical references.
|
| 650 |
|
0 |
|a Bridges
|x Maintenance and repair.
|
| 650 |
|
0 |
|a Concrete bridges
|x Maintenance and repair.
|
| 710 |
2 |
|
|a American Concrete Institute.
|
| 830 |
|
0 |
|a Compilation (American Concrete Institute) ;
|v 29.
|
| 999 |
|
|
|a MARS
|
| 999 |
f |
f |
|s 501f501f-2eb5-39fb-9aef-5997087502f6
|i c0639252-fc3e-3153-8566-8710c0af4080
|t 0
|
| 952 |
f |
f |
|p ric
|a Texas A&M University
|b Rellis Campus
|c Joint Library Facility
|d Remote Storage
|t 0
|e TG315 .L48 1994
|h Library of Congress classification
|i unmediated -- volume
|m A14821134730
|
| 998 |
f |
f |
|a TG315 .L48 1994
|t 0
|l Remote Storage
|